000 00816nam a2200265 4500
001 778404
003 OSt
005 20230619114616.0
008 730814s1973 ilua b 001 0 eng
010 _a 73000575
020 _a0030891647
040 _aDLC
_cDLC
_dDLC
050 0 0 _aHM251
_b.A26
082 0 0 _a301
_bACU
100 1 _aAcuff, F. Gene.
245 1 0 _aFrom man to society;
_bintroductory sociology,
_cby F. Gene Acuff, Donald E. Allen [and] Lloyd A. Taylor.
260 _aHinsdale, Ill.,
_bDryden Press
_c[1973]
300 _ax, 589 p.
_billus.
_c25 cm.
504 _aIncludes bibliographical references.
650 0 _aSociology.
700 1 _aAllen, Donald E.,
_ejoint author.
700 1 _aTaylor, Lloyd A.,
_ejoint author.
906 _a7
_bcbc
_corignew
_d2
_eocip
_f19
_gy-gencatlg
942 _2ddc
_cBK
999 _c1258
_d1258